[Event "43rd World Open"]
[Site "Arlington, VA"]
[Date "2015.07.03"]
[Round "4"]
[White "Azarov, Sergei"]
[Black "Aaron, Deepak"]
[Result "1/2-1/2"]
[WhiteElo "2618"]
[BlackElo "2321"]
[PlyCount "75"]
[EventDate "2015.07.??"]
[EventType "swiss"]
[EventRounds "9"]
[EventCountry "USA"]

1. e4 e5 2. Nf3 Nc6 3. Bb5 a6 4. Ba4 Nf6 5. O-O b5 6. Bb3 Bc5 7. c3 d6 8. a4
Rb8 9. d4 Bb6 10. a5 Ba7 11. h3 O-O 12. Be3 Ra8 13. Nbd2 h6 14. Re1 Re8 15. Qb1
Bb7 16. Qa2 Qd7 17. d5 Ne7 18. Bxa7 Rxa7 19. Bc2 Ng6 20. Bd3 Nf4 21. Bf1 g5 22.
c4 c6 23. Qa3 Kh7 24. Rad1 cxd5 25. exd5 Rg8 26. c5 b4 27. Qxb4 N6xd5 28. Qb3
g4 29. hxg4 Qxg4 30. g3 Nh3+ 31. Bxh3 Qxh3 32. Ne4 f5 33. Nxd6 Nf4 34. Qf7+ Kh8
35. Qf6+ Kh7 36. Qf7+ Kh8 37. Qf6+ Kh7 38. Qf7+ 1/2-1/2

[Event "43rd World Open"]
[Site "Arlington, VA"]
[Date "2015.07.03"]
[Round "4"]
[White "Katz, Alexander"]
[Black "Maghami, Ehsan"]
[Result "0-1"]
[WhiteElo "2320"]
[BlackElo "2570"]
[PlyCount "94"]
[EventDate "2015.07.??"]
[EventType "swiss"]
[EventRounds "9"]
[EventCountry "USA"]

1. e4 c5 2. Nf3 d6 3. Bb5+ Nd7 4. O-O Ngf6 5. Re1 a6 6. Bf1 b6 7. c3 Bb7 8. d3
g6 9. Nbd2 Bg7 10. h3 O-O 11. d4 cxd4 12. cxd4 Rc8 13. Bd3 e5 14. d5 Nc5 15.
Bc2 Qc7 16. Re3 b5 17. b4 Ncd7 18. Bb3 Nxd5 19. exd5 e4 20. Rb1 exf3 21. Nxf3
Nb6 22. Re2 Nc4 23. Bf4 Rfe8 24. Rxe8+ Rxe8 25. Qd3 Nb2 26. Qd2 Nc4 27. Qd3 Nb2
28. Qd2 Re4 29. Bh6 Nc4 30. Qd3 f5 31. Bxg7 Qxg7 32. Re1 Rxe1+ 33. Nxe1 Qe5 34.
Nf3 Qxd5 35. Bxc4 bxc4 36. Qe3 Qe4 37. Qb6 Qe7 38. Qd4 Qc7 39. Ng5 c3 40. Qe3
Bd5 41. Qe8+ Kg7 42. Qe3 c2 43. Qd4+ Kf8 44. Qh8+ Ke7 45. Qxh7+ Kd8 46. Qh8+
Kd7 47. Qg7+ Kc8 0-1

[Event "43rd World Open"]
[Site "Arlington, VA"]
[Date "2015.07.03"]
[Round "4"]
[White "Young, Angelo"]
[Black "Holt, Conrad"]
[Result "1-0"]
[WhiteElo "2320"]
[BlackElo "2546"]
[PlyCount "101"]
[EventDate "2015.07.??"]
[EventType "swiss"]
[EventRounds "9"]
[EventCountry "USA"]

1. Nf3 d5 2. d4 Nf6 3. Bf4 c5 4. c3 Nc6 5. e3 Qb6 6. Qc2 e6 7. Nbd2 Nh5 8. Be5
cxd4 9. exd4 Be7 10. Bd3 Nxe5 11. dxe5 Bd7 12. g3 g6 13. Nd4 Ng7 14. O-O Nf5
15. Qb3 Nxd4 16. Qxb6 axb6 17. cxd4 Ra4 18. Nf3 Bc6 19. Bc2 Ra7 20. h4 O-O 21.
Rfe1 Rc8 22. Bb3 Bb5 23. Rec1 Rc6 24. a3 Ra8 25. Ne1 Rac8 26. Rd1 Bc4 27. Bc2
Be2 28. Rd2 Bg4 29. Kg2 b5 30. f3 Bf5 31. Bb3 h5 32. Nd3 g5 33. hxg5 Bxg5 34.
f4 Be7 35. Kf3 Kg7 36. Ke3 Kh6 37. Rg1 Rg8 38. Rh2 h4 39. Bd1 Be4 40. g4 Kg7
41. g5 Rh8 42. Rg4 h3 43. Rg3 Bg2 44. Bf3 Bf1 45. Rg1 Bxd3 46. Kxd3 Rhc8 47.
Rxh3 Bxa3 48. g6 Bxb2 49. gxf7+ Kf8 50. Rh8+ Ke7 51. Rgg8 1-0

[Event "43rd World Open"]
[Site "Arlington, VA"]
[Date "2015.07.03"]
[Round "4"]
[White "Wu, Christopher"]
[Black "Panchanathan, Magesh"]
[Result "1/2-1/2"]
[WhiteElo "2317"]
[BlackElo "2541"]
[PlyCount "112"]
[EventDate "2015.07.??"]
[EventType "swiss"]
[EventRounds "9"]
[EventCountry "USA"]

1. e4 e5 2. Nf3 Nc6 3. Bb5 a6 4. Ba4 Nf6 5. O-O Be7 6. Re1 b5 7. Bb3 d6 8. a4
b4 9. d4 Bg4 10. dxe5 Nxe5 11. Nbd2 O-O 12. Qe2 Nfd7 13. h3 Nxf3+ 14. Nxf3 Bxf3
15. Qxf3 a5 16. c3 bxc3 17. Qxc3 Bf6 18. Qc2 Rb8 19. Be3 c5 20. Rab1 Bd4 21.
Bxd4 cxd4 22. Bc4 Rb4 23. b3 Ne5 24. Red1 Qb6 25. Rbc1 Nxc4 26. bxc4 Rc8 27.
Qd3 Kf8 28. Qxd4 Qxd4 29. Rxd4 Ke7 30. e5 dxe5 31. Rd5 Ke6 32. Re1 f6 33. Rxa5
Rcxc4 34. Ra7 g5 35. Rxh7 Rc2 36. a5 Rbb2 37. Rf1 Ra2 38. Rb7 e4 39. Rb4 Re2
40. g4 Kf7 41. Rb3 Rxa5 42. Re3 Rxe3 43. fxe3 Ra3 44. Re1 Ra2 45. Rb1 Re2 46.
Rb7+ Ke6 47. Rb6+ Kd5 48. Rxf6 Rxe3 49. Rf5+ Kd4 50. Kg2 Re2+ 51. Kg3 e3 52.
Rxg5 Rf2 53. Rg8 Rf1 54. Re8 Kd3 55. Rd8+ Kc3 56. Rc8+ Kd3 1/2-1/2

[Event "43rd World Open"]
[Site "Arlington, VA"]
[Date "2015.07.03"]
[Round "4"]
[White "Shabalov, Alexander"]
[Black "Song, Michael"]
[Result "1-0"]
[WhiteElo "2538"]
[BlackElo "2316"]
[PlyCount "73"]
[EventDate "2015.07.??"]
[EventType "swiss"]
[EventRounds "9"]
[EventCountry "USA"]

1. d4 f5 2. g3 Nf6 3. Bg2 e6 4. Nf3 Be7 5. O-O O-O 6. c4 d6 7. b3 Ne4 8. Bb2
Bf6 9. Nbd2 Nc6 10. Nxe4 fxe4 11. Ne1 d5 12. Nc2 Rf7 13. Qd2 Bg5 14. Qc3 Bf6
15. Rad1 Bd7 16. Qd2 Bg5 17. Qe1 a5 18. f3 Nb4 19. Nxb4 axb4 20. Ra1 Qf8 21. f4
Be7 22. e3 Ra6 23. Rf2 Qa8 24. Bc1 dxc4 25. bxc4 b6 26. Qe2 b3 27. Qb2 bxa2 28.
Rxa2 Rxa2 29. Qxa2 Qxa2 30. Rxa2 Bc6 31. Bh3 Rf6 32. Ra7 Bd8 33. Ba3 Rh6 34.
Bg4 g5 35. f5 exf5 36. Bxf5 Rf6 37. g4 1-0

[Event "43rd World Open"]
[Site "Arlington, VA"]
[Date "2015.07.03"]
[Round "4"]
[White "Mena, Carlos"]
[Black "Korley, Kassa"]
[Result "1/2-1/2"]
[WhiteElo "2293"]
[BlackElo "2430"]
[PlyCount "86"]
[EventDate "2015.07.??"]
[EventType "swiss"]
[EventRounds "9"]
[EventCountry "USA"]

1. Nf3 d5 2. g3 Nf6 3. Bg2 e6 4. O-O Be7 5. d4 O-O 6. c4 dxc4 7. Qc2 b5 8. a4
b4 9. Nbd2 b3 10. Qxc4 Ba6 11. Qxb3 Bxe2 12. Re1 Ba6 13. Ne5 c6 14. Ndf3 Nd5
15. Bd2 Qb6 16. Qc2 Bf6 17. a5 Qb7 18. Rac1 Bb5 19. h4 Nd7 20. Ng4 Rfc8 21.
Nxf6+ N5xf6 22. b4 Qa6 23. Ne5 Nxe5 24. dxe5 Nd5 25. Be4 h6 26. Qb3 Be2 27. f3
Rd8 28. Kf2 Bb5 29. Be3 Nxe3 30. Kxe3 Qb7 31. Red1 Qe7 32. Qc3 Ba4 33. Rxd8+
Rxd8 34. Ra1 Bb5 35. Ra2 g5 36. h5 g4 37. f4 Rd1 38. Rb2 a6 39. Rb1 Qd7 40.
Rxd1 Qxd1 41. Qd2 Qg1+ 42. Qf2 Qc1+ 43. Qd2 Qg1+ 1/2-1/2

[Event "43rd World Open"]
[Site "Arlington, VA"]
[Date "2015.07.03"]
[Round "4"]
[White "Sturt, Raven"]
[Black "Ippolito, Dean"]
[Result "1-0"]
[WhiteElo "2259"]
[BlackElo "2395"]
[PlyCount "117"]
[EventDate "2015.07.??"]
[EventType "swiss"]
[EventRounds "9"]
[EventCountry "USA"]

1. e4 e6 2. Nf3 d5 3. Nc3 d4 4. Ne2 c5 5. c3 dxc3 6. bxc3 Nf6 7. Ng3 h5 8. e5
h4 9. Ne4 Nxe4 10. Qa4+ Bd7 11. Qxe4 Bc6 12. Qf4 h3 13. g4 Nd7 14. Bd3 g5 15.
Qe3 Qc7 16. O-O Bxf3 17. Qxf3 Bg7 18. Rb1 Rb8 19. Bb5 Bxe5 20. Bxd7+ Qxd7 21.
d4 cxd4 22. cxd4 Qc6 23. d5 Qxd5 24. Qxd5 exd5 25. Re1 f6 26. Bb2 Kd7 27. Bxe5
fxe5 28. Rxe5 Kd6 29. Rxg5 Rhg8 30. Rxg8 Rxg8 31. f3 Rc8 32. Kf2 d4 33. Rxb7
Rc2+ 34. Kg3 Rxa2 35. Rb8 Ke7 36. Rb3 Ke6 37. f4 Rc2 38. Rb7 d3 39. f5+ Kd6 40.
Rb8 d2 41. Rd8+ Ke5 42. Kh4 Kf6 43. Rd5 a5 44. g5+ Ke7 45. Kh5 a4 46. Kg6 a3
47. f6+ Ke6 48. Rd8 a2 49. f7 Rc8 50. f8=Q Rxd8 51. Qxd8 a1=Q 52. Qxd2 Qh8 53.
Qa2+ Kd6 54. Qf7 Qh4 55. Qf5 Ke7 56. Kg7 Qc4 57. Qf6+ Ke8 58. Qf8+ Kd7 59. Qf7+
1-0

[Event "43rd World Open"]
[Site "Arlington, VA"]
[Date "2015.07.03"]
[Round "4"]
[White "Li, Ruifeng"]
[Black "Santarius, Erik"]
[Result "0-1"]
[WhiteElo "2394"]
[BlackElo "2266"]
[PlyCount "98"]
[EventDate "2015.07.??"]
[EventType "swiss"]
[EventRounds "9"]
[EventCountry "USA"]

1. e4 e5 2. Nf3 Nc6 3. Bb5 a6 4. Ba4 Nf6 5. O-O Be7 6. Nc3 b5 7. Bb3 d6 8. a4
b4 9. Nd5 Bg4 10. Nxf6+ Bxf6 11. c3 Na5 12. cxb4 Nxb3 13. Qxb3 O-O 14. d3 Rb8
15. Qc3 Bxf3 16. gxf3 Bg5 17. f4 exf4 18. Kh1 Bh6 19. Rg1 Qh4 20. Bd2 g6 21. f3
c5 22. d4 Rxb4 23. dxc5 dxc5 24. Qc2 Rb7 25. Bc3 Rd7 26. Rad1 Rfd8 27. Kg2 Qg5+
28. Kf2 Qe7 29. Kg2 Bg7 30. Bxg7 Kxg7 31. Rxd7 Rxd7 32. Rd1 Rxd1 33. Qxd1 Qe5
34. b3 Qb2+ 35. Kg1 Qc3 36. Kg2 h5 37. Qd5 h4 38. e5 Qc2+ 39. Kh3 Qf5+ 40. Kg2
h3+ 41. Kf1 Qb1+ 42. Ke2 Qg1 43. Kd3 Qd1+ 44. Ke4 Qe2+ 45. Kxf4 Qxh2+ 46. Kg4
Qg2+ 47. Kf4 h2 48. e6 h1=Q 49. Qe5+ Kh7 0-1

[Event "43rd World Open"]
[Site "Arlington, VA"]
[Date "2015.07.03"]
[Round "4"]
[White "Mandizha, Farai"]
[Black "Colas, Joshua"]
[Result "1-0"]
[WhiteElo "2362"]
[BlackElo "2241"]
[PlyCount "59"]
[EventDate "2015.07.??"]
[EventType "swiss"]
[EventRounds "9"]
[EventCountry "USA"]

1. Nf3 Nf6 2. c4 e6 3. d4 b6 4. g3 Ba6 5. Qc2 Bb4+ 6. Nbd2 O-O 7. Bg2 c6 8. O-O
d5 9. Rd1 Be7 10. Ne5 Bb7 11. e4 h6 12. b3 a5 13. a3 Na6 14. Bb2 Rc8 15. Rac1
Nd7 16. Nxd7 Qxd7 17. Nf1 b5 18. c5 dxe4 19. Bxe4 Nc7 20. Ne3 Nd5 21. Qe2 Rce8
22. Ng4 f5 23. Ne5 Qc7 24. Bd3 Bf6 25. Ng6 Rf7 26. Re1 Kh7 27. Qh5 Bg5 28. f4
Nf6 29. Qh3 Kxg6 30. Rxe6 1-0

[Event "43rd World Open"]
[Site "Arlington, VA"]
[Date "2015.07.03"]
[Round "4"]
[White "Kretchetov, Alexander"]
[Black "Balakrishnan, Praveen"]
[Result "1/2-1/2"]
[WhiteElo "2327"]
[BlackElo "2226"]
[PlyCount "87"]
[EventDate "2015.07.??"]
[EventType "swiss"]
[EventRounds "9"]
[EventCountry "USA"]

1. c4 d5 2. d4 e6 3. Nc3 Nf6 4. cxd5 exd5 5. Bg5 Be7 6. e3 h6 7. Bh4 O-O 8. Bd3
c6 9. Qc2 a5 10. Nge2 Nbd7 11. O-O b5 12. a4 b4 13. Nb1 c5 14. dxc5 Bxc5 15.
Nd2 Bb7 16. Nb3 Bd6 17. Ned4 Qb8 18. Bg3 Bxg3 19. hxg3 Ne5 20. Bb5 Rc8 21. Qe2
Nc4 22. Rfc1 Rc7 23. Rc2 Qd8 24. Nd2 Nxd2 25. Rxc7 Qxc7 26. Qxd2 Rc8 27. Rd1
Ne4 28. Qe1 Nd6 29. Qe2 Qb6 30. g4 Rc7 31. f3 Bc8 32. Rd2 Bd7 33. Bxd7 Rxd7 34.
b3 Rc7 35. Rc2 g6 36. Rxc7 Qxc7 37. Qc2 Qxc2 38. Nxc2 Nb7 39. Nd4 Nc5 40. Kf2
Kf8 41. Ke2 Ke8 42. Kd2 Kd7 43. Kc2 Kd6 44. Kd2 1/2-1/2

[Event "43rd World Open"]
[Site "Arlington, VA"]
[Date "2015.07.03"]
[Round "4"]
[White "Peng, David"]
[Black "Shetty, Atulya"]
[Result "0-1"]
[WhiteElo "2167"]
[BlackElo "2368"]
[PlyCount "77"]
[EventDate "2015.07.??"]
[EventType "swiss"]
[EventRounds "9"]
[EventCountry "USA"]

1. e4 e6 2. d4 d5 3. Nd2 c5 4. exd5 Qxd5 5. Ngf3 cxd4 6. Bc4 Qd6 7. O-O Nf6 8.
Nb3 Nc6 9. Nbxd4 Nxd4 10. Nxd4 a6 11. c3 Qc7 12. Bb3 Bd6 13. h3 O-O 14. Bg5 Ne4
15. Be3 Bh2+ 16. Kh1 Bf4 17. Qf3 Bxe3 18. Qxe4 Bh6 19. Rad1 Rb8 20. Bc2 g6 21.
Qh4 Bg7 22. Be4 Bd7 23. Bf3 Rfd8 24. Qe7 Bf8 25. Qf6 Be8 26. Rfe1 Bg7 27. Qg5
b5 28. Nb3 Rdc8 29. Qd2 a5 30. a3 Qb6 31. Qe3 b4 32. axb4 axb4 33. Nd4 Qc5 34.
Rc1 bxc3 35. bxc3 Rb2 36. Bg4 h5 37. Bf3 Kh7 38. Be4 Bh6 39. f4 0-1

[Event "43rd World Open"]
[Site "Arlington, VA"]
[Date "2015.07.03"]
[Round "4"]
[White "Homa, Seth"]
[Black "Carreto, Giovanni"]
[Result "1-0"]
[WhiteElo "2365"]
[BlackElo "2222"]
[PlyCount "77"]
[EventDate "2015.07.??"]
[EventType "swiss"]
[EventRounds "9"]
[EventCountry "USA"]

1. d4 Nf6 2. Nf3 e6 3. e3 c5 4. Bd3 b6 5. O-O Bb7 6. c4 Be7 7. Nc3 O-O 8. d5
exd5 9. cxd5 Nxd5 10. Nxd5 Bxd5 11. Bxh7+ Kxh7 12. Qxd5 Nc6 13. e4 Nb4 14. Qf5+
Kg8 15. Rd1 Qc7 16. Ng5 Bxg5 17. Bxg5 d6 18. Bf6 gxf6 19. a3 Rfc8 20. axb4 Qe7
21. b5 Qe5 22. Qg4+ Kf8 23. Ra3 c4 24. Rxa7 Qxb5 25. Rb7 Qc6 26. Rd7 Rd8 27.
Rxd8+ Rxd8 28. h4 Ke7 29. Ra1 Ra8 30. Rd1 Qc5 31. e5 fxe5 32. Qg5+ Ke6 33. Qg4+
Ke7 34. Qg5+ Ke6 35. g4 Ra2 36. Qf5+ Ke7 37. g5 Rxb2 38. Ra1 Qd5 39. g6 1-0

[Event "43rd World Open"]
[Site "Arlington, VA"]
[Date "2015.07.03"]
[Round "4"]
[White "Shi, Diwen"]
[Black "Vibbert, Sean"]
[Result "0-1"]
[WhiteElo "2153"]
[BlackElo "2360"]
[PlyCount "78"]
[EventDate "2015.07.??"]
[EventType "swiss"]
[EventRounds "9"]
[EventCountry "USA"]

1. e4 c5 2. Nf3 e6 3. d4 cxd4 4. Nxd4 Nc6 5. Nc3 Qc7 6. Be3 a6 7. Qd2 b5 8. a3
Nxd4 9. Bxd4 Ne7 10. Be3 Nc6 11. Bd3 Ne5 12. f4 Nc4 13. Bxc4 Qxc4 14. Qd3 Qc6
15. O-O Bb7 16. Rf2 b4 17. axb4 Bxb4 18. Bd4 f6 19. Re1 Rc8 20. Re3 O-O 21. Nd1
a5 22. c3 Ba6 23. Qb1 Be7 24. e5 f5 25. Rd2 Kh8 26. Rg3 Bh4 27. Rh3 g5 28. Ne3
gxf4 29. Rxh4 fxe3 30. Bxe3 Rg8 31. Qd1 Rg7 32. Bh6 Rg6 33. Qh5 Rcg8 34. Bg5
R8g7 35. Kh1 Qb5 36. Be3 Qf1+ 37. Bg1 Bb7 38. Qe2 Bxg2+ 39. Qxg2 Rxg2 0-1

[Event "43rd World Open"]
[Site "Arlington, VA"]
[Date "2015.07.03"]
[Round "4"]
[White "Tanenbaum, Zachary"]
[Black "Wheeler, Cameron"]
[Result "1/2-1/2"]
[WhiteElo "2117"]
[BlackElo "2304"]
[PlyCount "82"]
[EventDate "2015.07.??"]
[EventType "swiss"]
[EventRounds "9"]
[EventCountry "USA"]

1. e4 e6 2. d4 d5 3. Nc3 Bb4 4. exd5 exd5 5. Bd3 Nf6 6. Nf3 O-O 7. O-O h6 8.
Ne5 c5 9. dxc5 Bxc3 10. bxc3 Qc7 11. Bf4 Qxc5 12. Qf3 Nc6 13. Rae1 Re8 14. Nxc6
Rxe1 15. Rxe1 Qxc6 16. Be5 Bg4 17. Qg3 Re8 18. Rb1 Nh5 19. Qxg4 Rxe5 20. Qd4
Qe8 21. Qxa7 Nf4 22. Bf1 Ne2+ 23. Bxe2 Rxe2 24. h3 Re1+ 25. Rxe1 Qxe1+ 26. Kh2
Qe5+ 27. g3 Qxc3 28. Qxb7 Qxc2 29. Qxd5 Qxf2+ 30. Qg2 Qa7 31. Qc2 g6 32. a4 h5
33. h4 Kf8 34. Qa2 Qa5 35. Kg2 Kg7 36. Qb2+ Kh7 37. Qb5 Qd2+ 38. Kh3 Qd1 39.
Kg2 Qd2+ 40. Kf1 Qd1+ 41. Kf2 Qd2+ 1/2-1/2

[Event "43rd World Open"]
[Site "Arlington, VA"]
[Date "2015.07.03"]
[Round "5.1"]
[White "Lenderman, Aleksandr"]
[Black "Mamedov, Rauf"]
[Result "1/2-1/2"]
[WhiteElo "2623"]
[BlackElo "2639"]
[PlyCount "200"]
[EventDate "2015.07.??"]
[EventType "swiss"]
[EventRounds "9"]
[EventCountry "USA"]

1. d4 d5 2. c4 c6 3. Nf3 Nf6 4. Nc3 dxc4 5. a4 Bf5 6. Ne5 Nbd7 7. Nxc4 Qc7 8.
g3 e5 9. dxe5 Nxe5 10. Bf4 Nfd7 11. Bg2 g5 12. Ne3 gxf4 13. Nxf5 O-O-O 14. Qc2
Nc5 15. O-O fxg3 16. hxg3 a5 17. Rfd1 h5 18. Rxd8+ Qxd8 19. Rd1 Qf6 20. Ne4
Nxe4 21. Qxe4 Bc5 22. e3 Kb8 23. b3 Rg8 24. Bh3 Ka7 25. Kg2 Re8 26. Rd2 Rg8 27.
Rc2 Bb4 28. Qd4+ c5 29. Qd6 Qxd6 30. Nxd6 Rd8 31. Nc4 Ng4 32. Kf3 Rd3 33. Rb2
Nh6 34. Rb1 f6 35. Be6 Ng4 36. Bxg4 hxg4+ 37. Kxg4 Ka6 38. Kf3 b5 39. axb5+
Kxb5 40. Ke4 Rxb3 41. Nd6+ Ka4 42. Ra1+ Ba3 43. Rh1 Rb8 44. Nc4 Bb4 45. Kd5
Rd8+ 46. Kc6 Kb3 47. Nxa5+ Bxa5 48. Kxc5 Bb4+ 49. Kc6 Rd6+ 50. Kb5 Rd5+ 51. Kc6
Rd2 52. Rh2 Ka4 53. g4 Rd6+ 54. Kc7 Rd2 55. Kc6 Kb3 56. Kb5 Bd6 57. Rh6 Rxf2
58. g5 Be5 59. gxf6 Bxf6 60. Kc5 Rf5+ 61. Kd6 Bc3 62. Rh4 Re5 63. Kc6 Rxe3 64.
Kd5 Re5+ 65. Kd6 Ra5 66. Ke6 Kc2 67. Rh3 Rg5 68. Rf3 Kb3 69. Rf4 Bb4 70. Re4
Ka4 71. Rf4 Rc5 72. Re4 Rc1 73. Kf5 Kb5 74. Kg4 Bc5 75. Kf5 Kc6 76. Ke6 Rf1 77.
Ke5 Bd6+ 78. Ke6 Rh1 79. Rc4+ Bc5 80. Ke5 Rh5+ 81. Ke6 Rd5 82. Re4 Bd4 83. Kf7
Kc5 84. Ke6 Rh5 85. Re2 Rh6+ 86. Kf5 Kd5 87. Rd2 Rf6+ 88. Kg5 Rf1 89. Re2 Be5
90. Kg4 Rf4+ 91. Kg3 Ke6 92. Kg2 Ra4 93. Kf3 Kf5 94. Re3 Bd4 95. Rb3 Bc5 96.
Rc3 Bd4 97. Rb3 Be5 98. Ke3 Rh4 99. Kd3 Rh3+ 100. Kc4 Rxb3 1/2-1/2

[Event "43rd World Open"]
[Site "Arlington, VA"]
[Date "2015.07.03"]
[Round "5.2"]
[White "McShane, Luke"]
[Black "Gorovets, Andrey"]
[Result "0-1"]
[WhiteElo "2685"]
[BlackElo "2505"]
[PlyCount "142"]
[EventDate "2015.07.??"]
[EventType "swiss"]
[EventRounds "9"]
[EventCountry "USA"]
[WhiteClock "0:00:31"]
[BlackClock "0:02:44"]

1. e4 c5 2. Nf3 e6 3. d4 cxd4 4. Nxd4 a6 5. Bd3 Nf6 6. O-O e5 7. Bg5 h6 8. Bxf6
Qxf6 9. Ne2 Bc5 10. Nbc3 Nc6 11. Nd5 Qd8 12. c3 d6 13. Bc2 O-O 14. Kh1 Ne7 15.
f4 Bg4 16. Nxe7+ Qxe7 17. f5 Qg5 18. Qe1 b5 19. Ng1 f6 20. Nf3 Qe3 21. Qxe3
Bxe3 22. Bb3+ Kh7 23. Rad1 Bc5 24. h3 Bxf3 25. Rxf3 Rab8 26. Bd5 b4 27. c4 b3
28. Rxb3 Rxb3 29. axb3 a5 30. h4 g5 31. fxg6+ Kxg6 32. Be6 Re8 33. Bf5+ Kf7 34.
Kh2 Rb8 35. Rd3 Rg8 36. Kh3 Ke7 37. Bg4 Rb8 38. Bd1 Rg8 39. g3 Bd4 40. Rd2 Rb8
41. Kg4 Rg8+ 42. Kf3 Rf8 43. Bc2 Rc8 44. Rg2 Rg8 45. Bd1 Bc5 46. Ke2 Ke6 47. g4
Ke7 48. Kd3 Bd4 49. Kc2 Rb8 50. Rg3 Bf2 51. Rh3 Rg8 52. Rh1 Bd4 53. Kb1 h5 54.
gxh5 Rg2 55. h6 Kf8 56. Rh3 Kg8 57. Ka2 Rxb2+ 58. Ka3 Rb1 59. Ka4 Rxd1 60. Kxa5
f5 61. exf5 e4 62. f6 Rg1 63. Rh2 e3 64. Kb5 Rf1 65. Re2 Rxf6 66. Kc6 Rf2 67.
Re1 e2 68. Kxd6 Bc3 69. Rxe2 Rxe2 70. c5 Rb2 71. c6 Ba5 0-1

[Event "43rd World Open"]
[Site "Arlington, VA"]
[Date "2015.07.03"]
[Round "5.3"]
[White "Subramanian, Arun Prasad"]
[Black "Kamsky, Gata"]
[Result "1/2-1/2"]
[WhiteElo "2496"]
[BlackElo "2672"]
[PlyCount "60"]
[EventDate "2015.07.??"]
[EventType "swiss"]
[EventRounds "9"]
[EventCountry "USA"]
[WhiteClock "0:35:54"]
[BlackClock "1:18:07"]

1. d4 f5 2. g3 Nf6 3. Bg2 g6 4. Nf3 Bg7 5. O-O O-O 6. c4 d6 7. Nc3 c6 8. b3 a5
9. Bb2 Na6 10. d5 Bd7 11. Nd4 Rc8 12. e3 Nc5 13. Rc1 Qb6 14. Ba1 Nce4 15. Nxe4
Nxe4 16. Qd3 cxd5 17. cxd5 Nc5 18. Qd2 Ne4 19. Bxe4 fxe4 20. Ne6 Bxe6 21. Bxg7
Kxg7 22. dxe6 Qb5 23. Qd4+ Qe5 24. Qxe5+ dxe5 25. Rfd1 Kf6 26. Rxc8 Rxc8 27.
Rd5 b6 28. Rb5 Rc6 29. a4 Kxe6 30. Kg2 Kf5 1/2-1/2

[Event "43rd World Open"]
[Site "Arlington, VA"]
[Date "2015.07.03"]
[Round "5.4"]
[White "Smirin, Ilya"]
[Black "Georgiadis, Nico"]
[Result "1-0"]
[WhiteElo "2663"]
[BlackElo "2482"]
[PlyCount "65"]
[EventDate "2015.07.??"]
[EventType "swiss"]
[EventRounds "9"]
[EventCountry "USA"]
[WhiteClock "0:42:47"]
[BlackClock "0:08:48"]

1. e4 e5 2. Nf3 Nc6 3. Bb5 Nf6 4. d3 Bc5 5. c3 O-O 6. O-O d6 7. Bg5 h6 8. Bh4
g5 9. Bg3 Bg4 10. Nbd2 Bb6 11. h3 Bh5 12. Re1 Ne7 13. Qc2 c6 14. Bc4 Ng6 15. d4
Qe7 16. Be2 Nf4 17. Bxf4 gxf4 18. Nh4 Bxe2 19. Nf5 Qe6 20. Rxe2 Kh7 21. Nf3 Rg8
22. Rd1 Bc7 23. d5 Qe8 24. dxc6 bxc6 25. Nxd6 Qe6 26. Qb3 Qxb3 27. axb3 Rad8
28. Red2 Bxd6 29. Rxd6 Rxd6 30. Rxd6 Nxe4 31. Rd7 Kg7 32. Nxe5 Kf6 33. Nxc6 1-0

[Event "43rd World Open"]
[Site "Arlington, VA"]
[Date "2015.07.03"]
[Round "5"]
[White "Akobian, Varuzhan"]
[Black "Tang, Andrew"]
[Result "1-0"]
[WhiteElo "2632"]
[BlackElo "2365"]
[PlyCount "105"]
[EventDate "2015.07.??"]
[EventType "swiss"]
[EventRounds "9"]
[EventCountry "USA"]

1. d4 d5 2. c4 e6 3. Nc3 Be7 4. Nf3 Nf6 5. Bg5 O-O 6. e3 h6 7. Bh4 b6 8. Rc1
Bb7 9. Bxf6 Bxf6 10. cxd5 exd5 11. Be2 Nd7 12. O-O c5 13. Qd2 Qe7 14. dxc5 Nxc5
15. Nd4 Rfd8 16. Rfd1 Ne4 17. Qd3 Rac8 18. Bg4 Rc5 19. b4 Rc7 20. a3 g6 21.
Ncb5 Rxc1 22. Rxc1 Be5 23. g3 a6 24. Nc3 f5 25. Bf3 Rc8 26. Rc2 Qd7 27. Nce2
Rxc2 28. Qxc2 Qc7 29. Qd1 Qc4 30. h4 Bc8 31. Nf4 g5 32. hxg5 hxg5 33. Nfe6 Bxe6
34. Nxe6 Nc3 35. Qc2 Ne4 36. Bxe4 fxe4 37. Qd1 d4 38. Nxd4 Qd5 39. Qc1 Bxd4 40.
exd4 Qxd4 41. Qxg5+ Kf7 42. Qf5+ Kg7 43. Kg2 Qd3 44. Qg5+ Kf7 45. Qe3 Qd5 46.
g4 a5 47. Kg3 axb4 48. axb4 b5 49. f3 Qd1 50. Qxe4 Qg1+ 51. Kf4 Qc1+ 52. Ke5
Qc7+ 53. Kd5 1-0

[Event "43rd World Open"]
[Site "Arlington, VA"]
[Date "2015.07.03"]
[Round "5"]
[White "Garcia, Gildardo"]
[Black "Kovalyov, Anton"]
[Result "0-1"]
[WhiteElo "2389"]
[BlackElo "2613"]
[PlyCount "118"]
[EventDate "2015.07.??"]
[EventType "swiss"]
[EventRounds "9"]
[EventCountry "USA"]

1. e4 c5 2. Nf3 d6 3. d4 cxd4 4. Nxd4 Nf6 5. Nc3 a6 6. Bg5 Nbd7 7. Bc4 Qb6 8.
Bb3 e6 9. Qd2 Be7 10. O-O-O Nc5 11. Rhe1 Qc7 12. Kb1 h6 13. Bh4 O-O 14. e5 dxe5
15. Bg3 Nfd7 16. Nf3 Bf6 17. Qe3 b6 18. Nxe5 Nxe5 19. Bxe5 Bxe5 20. Qxe5 Qxe5
21. Rxe5 Bb7 22. f3 Rfd8 23. Kc1 g5 24. h4 g4 25. fxg4 Bxg2 26. Rg1 Bc6 27. g5
Kg7 28. Rf1 Ra7 29. gxh6+ Kxh6 30. Rg5 Re7 31. Ne2 Ne4 32. Re5 Nd2 33. Rf6+ Kg7
34. Rf4 Nxb3+ 35. axb3 f6 36. Re3 Kf7 37. Nd4 Bb7 38. h5 Rd5 39. Rh4 Red7 40.
Rd3 Rd8 41. h6 Rh8 42. Rg3 Rg5 43. Rc3 Rc5 44. Rg3 Rh7 45. b4 Rg5 46. Rc3 Bd5
47. Rc8 b5 48. b3 e5 49. Nc6 Kg6 50. c4 Be6 51. Ra8 Rg1+ 52. Kb2 Rg2+ 53. Ka3
Kg5 54. Rh1 bxc4 55. Rxa6 cxb3 56. b5 b2 57. Nb4 Rxh6 58. Rb1 Rh3+ 59. Ka4 Bf5
0-1

[Event "43rd World Open"]
[Site "Arlington, VA"]
[Date "2015.07.03"]
[Round "5"]
[White "Acor, Corey"]
[Black "Zhou, Jianchao"]
[Result "1/2-1/2"]
[WhiteElo "2280"]
[BlackElo "2601"]
[PlyCount "32"]
[EventDate "2015.07.??"]
[EventType "swiss"]
[EventRounds "9"]
[EventCountry "USA"]

1. e4 e5 2. Bc4 Nf6 3. d3 c6 4. Nf3 d5 5. Bb3 Bb4+ 6. Bd2 Bxd2+ 7. Nbxd2 Nbd7
8. O-O dxe4 9. dxe4 O-O 10. Re1 b5 11. c4 a5 12. a3 Rb8 13. Qc2 b4 14. axb4
Rxb4 15. c5 Ba6 16. Re3 Qc7 1/2-1/2

[Event "43rd World Open"]
[Site "Arlington, VA"]
[Date "2015.07.03"]
[Round "5"]
[White "Lee, Michael"]
[Black "Nyzhnyk, Illia"]
[Result "1/2-1/2"]
[WhiteElo "2416"]
[BlackElo "2627"]
[PlyCount "27"]
[EventDate "2015.07.??"]
[EventType "swiss"]
[EventRounds "9"]
[EventCountry "USA"]

1. c4 Nf6 2. Nc3 g6 3. g3 Bg7 4. Bg2 O-O 5. e3 c6 6. Nge2 d5 7. cxd5 cxd5 8. d4
Nc6 9. Nf4 e6 10. O-O Bd7 11. Bd2 Rc8 12. Rc1 Ne8 13. Nd3 Nd6 14. b3 1/2-1/2

[Event "43rd World Open"]
[Site "Arlington, VA"]
[Date "2015.07.03"]
[Round "5"]
[White "Bartell, Thomas"]
[Black "Ramirez, Alejandro"]
[Result "0-1"]
[WhiteElo "2331"]
[BlackElo "2587"]
[PlyCount "76"]
[EventDate "2015.07.??"]
[EventType "swiss"]
[EventRounds "9"]
[EventCountry "USA"]

1. d4 e6 2. c4 Bb4+ 3. Nd2 d5 4. e3 Nf6 5. Ngf3 O-O 6. Be2 b6 7. O-O Bb7 8. a3
Bd6 9. b4 c5 10. bxc5 bxc5 11. dxc5 Bxc5 12. Bb2 Nbd7 13. cxd5 Bxd5 14. Qa4 Rb8
15. Bd4 Bxd4 16. Qxd4 Qa5 17. Rfc1 Rfc8 18. h3 Rxc1+ 19. Rxc1 Qxa3 20. Ra1 Qb2
21. Rxa7 Bxf3 22. Bxf3 Qxd4 23. exd4 Rb4 24. Ra8+ Nf8 25. Rd8 N6d7 26. d5 exd5
27. Kf1 g6 28. Ke2 Rb5 29. Rc8 Kg7 30. Rc6 Ne5 31. Rd6 Ne6 32. Kd1 Nf4 33. Be2
Ra5 34. Bf1 Nc4 35. Bxc4 Ra1+ 36. Kc2 dxc4 37. Rd4 Nxg2 38. Nxc4 Rf1 0-1